Insect nematology (Registro nro. 20513)

Detalles MARC
000 -CABECERA
Campo de control 01579nam a22002417a 4500
005 - FECHA Y HORA DE LA ULTIMA TRANSACCION
Campo de control 20191023123825.0
008 - ELEMENTOS DE LONGITUD FIJA—INFORMACION GENERAL
Campo de control 191023b xxu||||| |||| 00| 0 spa d
040 ## - FUENTE DE CATALOGACIÓN
Agencia catalogadora original CO-BoIAVH
Agencia transcriptora CO-BoIAVH
041 ## - IDIOMA
Código de idioma para texto/pista de sonido o título separado Inglés
044 ## - PAÍS DE PUBLICACIÓN
País de publicación Estados Unidos
082 ## - NUMERO DE CLASIFICACION DECIMAL DEWEY
Número de clasificación 628.97
Número del ítem B14
100 ## - ASIENTO PRINCIPAL--NOMBRE PERSONAL
9 (RLIN) 95747
Nombre personal Baena, Martha L.
245 ## - MENCION DE TITULO
Título Insect nematology
Mención de responsabilidad Martha L. Baena
260 ## - PUBLICACION, DISTRIBUCION, ETC. (PIE DE IMPRENTA)
Lugar de publicación, distribución, etc. Beltsville(Maryland):
Nombre del editor, distribuidor, etc. Plant protection institute
-- United States Department of Agriculture
-- Agriculture Research Service
-- Beltsville Agricultural Research Center.
Fecha de publicación, distribución, etc. S.F
300 ## - DESCRIPCION FISICA
Extensión 925 Páginas:
Otros detalles físicos ilustraciones,
Dimensiones 25 x 19 cm.
520 ## - NOTA DE RESUMEN, ETC.
Nota de resumen Este libro pone gran énfasis en los problemas de cultivos e insectos del continente norteamericano. Sin embargo, muchos de los problemas y las soluciones proyectadas cruzan las fronteras continentales y proporcionan información que es fácilmente adaptable para su uso por una amplia gama de investigadores, estudiantes avanzados y expertos técnicos. Dado que muchos de los contribuyentes son de América del Norte, el texto aborda los problemas agrícolas actuales en los Estados Unidos y proporciona información sobre las formas de controlar nematodos parásitos vegetales específicos o de usar nematodos como agentes biológicos para el control de insectos.
650 #0 - ASIENTO SECUNDARIO DE MATERIA - TERMINO TEMATICO
9 (RLIN) 51787
Término temático o nombre geográfico como elemento de entrada Nematodos como agentes biológicos para el control de plagas
650 #0 - ASIENTO SECUNDARIO DE MATERIA - TERMINO TEMATICO
9 (RLIN) 101738
Término temático o nombre geográfico como elemento de entrada Nematología
650 #0 - ASIENTO SECUNDARIO DE MATERIA - TERMINO TEMATICO
9 (RLIN) 101736
Término temático o nombre geográfico como elemento de entrada Parásitos de plantas
650 #0 - ASIENTO SECUNDARIO DE MATERIA - TERMINO TEMATICO
9 (RLIN) 101737
Término temático o nombre geográfico como elemento de entrada Conservación de los recursos agrícolas
700 ## - ASIENTO SECUNDARIO - NOMBRE PERSONAL
9 (RLIN) 101735
Nombre personal Nickle, R. William
Títulos u otras palabras asociadas con el nombre Editor
Término de relación Editor
942 ## - ELEMENTOS ADICIONALES (KOHA)
Sistema de clasificación Dewey Decimal Classification
Tipo de ítem Libro
Existencias
Withdrawn status Lost status Sistema de Clasificación Damaged status No para préstamo Colección Ubicación Permanente Ubicación actual Fecha de adquisición Total Checkouts Número topográfico Inventario / Código de Barras Date last seen Ejemplar Price effective from Forma de adquisición Tipo de material
    Dewey Decimal Classification     General Bogotá Bogotá 23/10/2019   LB-628.97 B14 043623 23/10/2019 Ej.1 23/10/2019 Canje Libro